Religion Quiz

Random Religion or Church Quiz

Lord's Prayer by Every Other Word Quiz Stats

 Plays Quiz not verified by Sporcle

Score 0/35 Timer 02:00
0 Plays Today
% Correct
Father
94.1%
Art
90.2%
Be
89.7%
Heaven.
87.7%
Heaven,
87.3%
Name.
86.3%
Be
84.3%
Us
84.3%
Daily
82.8%
Kingdom
81.9%
As
81.9%
Us
81.4%
Day
79.9%
Trepasses,
79.9%
Trepass
79.9%
Thy
79.4%
Us,
78.9%
We
77.5%
% Correct
Those
77.5%
Is
77%
On
75.5%
Deliver
75%
Temptation,
73.5%
From
72.1%
And
70.6%
Not
67.2%
Lead
63.2%
Ever. Amen.
62.7%
Is
62.3%
Kingdom,
61.8%
Glory,
60.8%
For
59.8%
Ever
58.3%
And
56.4%
The
49.5%

You're not logged in!

Compare scores with friends on all Sporcle quizzes.
OR
Log In

Sporcle TV

Today on Sporcle TV


Watch our educational content, quiz creation guides, and fun videos on Sporcle TV.

Show Comments

Extras

Top Quizzes Today


Score Distribution

Your Account Isn't Verified!

In order to create a playlist on Sporcle, you need to verify the email address you used during registration. Go to your Sporcle Settings to finish the process.

Report this User

Report this user for behavior that violates our Community Guidelines.

Details: